<?xml version="1.0" encoding="UTF-8"?>
<record
    xmlns:xsi="http://www.w3.org/2001/XMLSchema-instance"
    xsi:schemaLocation="http://www.loc.gov/MARC21/slim http://www.loc.gov/standards/marcxml/schema/MARC21slim.xsd"
    xmlns="http://www.loc.gov/MARC21/slim">

  <leader>01022nam a2200265 a 4500</leader>
  <controlfield tag="001">78165</controlfield>
  <controlfield tag="003">BD-RjUL</controlfield>
  <controlfield tag="005">20211209083109.0</controlfield>
  <controlfield tag="008">210405s2003    ii ||||| |||| 00| 0 ara d</controlfield>
  <datafield tag="035" ind1=" " ind2=" ">
    <subfield code="a">(BD-RjUL)78391</subfield>
  </datafield>
  <datafield tag="040" ind1=" " ind2=" ">
    <subfield code="a">BD-RjUL</subfield>
    <subfield code="b">eng</subfield>
    <subfield code="c">BD-RjUL</subfield>
  </datafield>
  <datafield tag="041" ind1=" " ind2=" ">
    <subfield code="a">ara</subfield>
  </datafield>
  <datafield tag="082" ind1=" " ind2=" ">
    <subfield code="2">23</subfield>
    <subfield code="a">297.27</subfield>
    <subfield code="b">KHI 2003</subfield>
  </datafield>
  <datafield tag="100" ind1=" " ind2=" ">
    <subfield code="a">&#x62E;&#x627;&#x62A;&#x645;&#x6CC;,  &#x633;&#x6CC;&#x62F; &#x645;&#x62D;&#x645;&#x62F;= Khatami, Sayed Mohammad </subfield>
    <subfield code="9">246747</subfield>
  </datafield>
  <datafield tag="245" ind1=" " ind2=" ">
    <subfield code="a">&#x627;&#x633;&#x644;&#x627;&#x645; &#x6AF;&#x641;&#x62A;&#x6AF;&#x648; &#x648; &#x645;&#x62A;&#x645;&#x62F;&#x646; &#x645;&#x639;&#x627;&#x634;&#x631;&#x647; = Islam, dialogue and civil society /</subfield>
    <subfield code="c"> &#x633;&#x6CC;&#x62F; &#x645;&#x62D;&#x645;&#x62F; &#x62E;&#x627;&#x62A;&#x645;&#x6CC; = Sayed Mohammad Khatami</subfield>
  </datafield>
  <datafield tag="260" ind1=" " ind2=" ">
    <subfield code="a">Newe Delhi :</subfield>
    <subfield code="b">The Registrar , Jawharlal Nehru University , </subfield>
    <subfield code="c">2003</subfield>
  </datafield>
  <datafield tag="260" ind1=" " ind2=" ">
    <subfield code="a">&#x646;&#x64A;&#x648;&#x62F;&#x644;&#x647;&#x64A;:</subfield>
    <subfield code="b"> &#x62A;&#x647;&#x647; &#x631;&#x6AF;&#x6CC;&#x633;&#x62A;&#x631;&#x627;&#x631; , &#x62C;&#x648;&#x647;&#x627;&#x631;&#x644;&#x627;&#x644; &#x646;&#x647;&#x631;&#x648; &#x648;&#x646;&#x6CC;&#x648;&#x631;&#x633;&#x6CC;&#x62A;&#x6CC;</subfield>
    <subfield code="c"> &#x6F2;&#x6F0;&#x6F0;&#x6F3;</subfield>
  </datafield>
  <datafield tag="300" ind1=" " ind2=" ">
    <subfield code="a">207 p. ;</subfield>
    <subfield code="c">23 cm</subfield>
  </datafield>
  <datafield tag="650" ind1=" " ind2=" ">
    <subfield code="a">Islam</subfield>
    <subfield code="v">Civil Society</subfield>
    <subfield code="9">246748</subfield>
  </datafield>
  <datafield tag="650" ind1=" " ind2=" ">
    <subfield code="a">Islam and Politics</subfield>
    <subfield code="9">246749</subfield>
  </datafield>
  <datafield tag="650" ind1=" " ind2=" ">
    <subfield code="a">Religion and civilization </subfield>
    <subfield code="9">246750</subfield>
  </datafield>
  <datafield tag="650" ind1=" " ind2=" ">
    <subfield code="a">Islamic Country Civilization</subfield>
    <subfield code="9">246751</subfield>
  </datafield>
  <datafield tag="700" ind1=" " ind2=" ">
    <subfield code="a">mahdi, akhtar </subfield>
    <subfield code="9">246753</subfield>
  </datafield>
  <datafield tag="942" ind1=" " ind2=" ">
    <subfield code="2">ddc</subfield>
    <subfield code="c">BK</subfield>
  </datafield>
  <datafield tag="999" ind1=" " ind2=" ">
    <subfield code="c">78165</subfield>
    <subfield code="d">78165</subfield>
  </datafield>
  <datafield tag="952" ind1=" " ind2=" ">
    <subfield code="0">0</subfield>
    <subfield code="1">0</subfield>
    <subfield code="2">ddc</subfield>
    <subfield code="4">0</subfield>
    <subfield code="7">1</subfield>
    <subfield code="8">NFIC</subfield>
    <subfield code="a">RUCL</subfield>
    <subfield code="b">RUCL</subfield>
    <subfield code="c">Reading</subfield>
    <subfield code="d">2007-08-13</subfield>
    <subfield code="e">Iran embassy, Dhaka</subfield>
    <subfield code="l">0</subfield>
    <subfield code="o">U 297.27 KHI 2003</subfield>
    <subfield code="r">2021-04-05 00:00:00</subfield>
    <subfield code="t">C-1</subfield>
    <subfield code="w">2021-04-05</subfield>
    <subfield code="y">BK</subfield>
  </datafield>
</record>
